Salsa tropical: lo que baila Costa Rica (Registro nro. 12274)
[ vista simple ]
| 000 -LEADER | |
|---|---|
| fixed length control field | 00797njm a22002177a 4500 |
| 005 - DATE AND TIME OF LATEST TRANSACTION | |
| control field | 20220819185254.0 |
| 008 - FIXED-LENGTH DATA ELEMENTS--GENERAL INFORMATION | |
| fixed length control field | 190308b xxu||||| |||| 00| 0 spa d |
| 041 ## - LANGUAGE CODE | |
| Language code of text/sound track or separate title | spa |
| 245 ## - TITLE STATEMENT | |
| Title | Salsa tropical: lo que baila Costa Rica |
| 260 ## - PUBLICATION, DISTRIBUTION, ETC. (IMPRINT) | |
| Place of publication | Costa Rica |
| 260 ## - PUBLICATION, DISTRIBUTION, ETC. (IMPRINT) | |
| Name of publisher | Papaya music |
| 260 ## - PUBLICATION, DISTRIBUTION, ETC. (IMPRINT) | |
| Year of publication | 2005 |
| 505 ## - FORMATTED CONTENTS NOTE | |
| Formatted contents note | 1.Pasión. 2. El despreciado. 3. El danzón de Piangüita. 4. He guardado. 5. Te odio y te quiero. 6. Fiesta. 7. Bienvenida. 8. Son Inú. 9. La chichera. 10. Merengue Romanpanjava. 11. Gotas de dolor. 12. Pa´Curubandé yo voy. 13. calaloo. 14. Saca boomboom |
| 650 ## - SUBJECT ADDED ENTRY--TOPICAL TERM | |
| Topical Term | COSTA RICA |
| 650 ## - SUBJECT ADDED ENTRY--TOPICAL TERM | |
| Topical Term | MÚSICA POPULAR |
| 650 ## - SUBJECT ADDED ENTRY--TOPICAL TERM | |
| Topical Term | MÚSICA BAILABLE |
| 650 ## - SUBJECT ADDED ENTRY--TOPICAL TERM | |
| Topical Term | CALYPSO |
| 650 ## - SUBJECT ADDED ENTRY--TOPICAL TERM | |
| Topical Term | SALSA |
| 650 ## - SUBJECT ADDED ENTRY--TOPICAL TERM | |
| Topical Term | RITMOS CARIBEÑOS |
| 942 ## - ADDED ENTRY ELEMENTS (KOHA) | |
| Koha item type | Música |
| Withdrawn status | Lost status | Damaged status | Not for loan | Home library | Current library | Date acquired | Total Checkouts | Full call number | Accession Number | Date last seen | Price effective from | Koha item type |
|---|---|---|---|---|---|---|---|---|---|---|---|---|
| Departamento de Biblioteca y Documentación Alfonso Chase Brenes | Departamento de Biblioteca y Documentación Alfonso Chase Brenes | 21/08/2019 | 558 DC | 558DC | 21/08/2019 | 21/08/2019 | Música |